Derecho natural / (Record no. 132574)

MARC details
000 -LEADER
campo de control de longitud fija 00539nam a2200169 4500
001 - NÚMERO DE CONTROL
campo de control 132574
003 - IDENTIFICADOR DE NÚMERO DE CONTROL
campo de control ES-MaACL
007 - CAMPO FIJO DE DESCRIPCIÓN FÍSICA--INFORMACIÓN GENERAL
campo de control de longitud fija t|
008 - DATOS DE LONGITUD FIJA--INFORMACIÓN GENERAL
campo de control de longitud fija 070214s1950 mx r ||||1| spa d
100 1# - ENTRADA PRINCIPAL--NOMBRE DE PERSONA
Nombre de persona Rommen, Heinrich.
9 (RLIN) 99475
245 10 - MENCIÓN DEL TÍTULO
Título Derecho natural /
Mención de responsabilidad, etc. Enrique Rommen ; introducción por Emile Marmy ; versión... Héctor González Uribe.
260 ## - PUBLICACIÓN, DISTRIBUCIÓN, ETC.
Lugar de publicación, distribución, etc. México, D. F. :
Nombre del editor, distribuidor, etc. Jus,
Fecha de publicación, distribución, etc. 1950.
300 ## - DESCRIPCIÓN FÍSICA
Extensión 222 p. ;
Dimensiones 24 cm.
700 1# - ENTRADA AGREGADA--NOMBRE PERSONAL
Nombre de persona Marmy, Emile.
9 (RLIN) 76946
700 1# - ENTRADA AGREGADA--NOMBRE PERSONAL
Nombre de persona González Uribe, Héctor.
9 (RLIN) 58999
852 ## - LOCALIZACIÓN
Ubicación ES-MaACL
Número de control de estantería E-9208
Sublocalización o colección R.93692
Holdings
Estatus retirado Estado de pérdida Estado de daño No para préstamo Biblioteca de origen Biblioteca actual Ubicación en estantería Fecha de adquisición Fuente de adquisición Total de préstamos Signatura topográfica completa Código de barras Visto por última vez Precio de reemplazo Tipo de ítem Koha
        Biblioteca del Ateneo de Madrid Biblioteca del Ateneo de Madrid Depósito 2 17/01/2008     E-9208 1138025 23/02/2023 23/02/2023 Libro impreso